Online
Catalog

El amor de una Dominicana salvó la vida a Bolívar. (Record no. 32731)

MARC details
000 -CABECERA
campo de control de longitud fija 00296nam a2200097 a 4500
005 - FECHA Y HORA DE LA ÚLTIMA TRANSACCIÓN
campo de control 20200930070123.0
008 - DATOS DE LONGITUD FIJA--INFORMACIÓN GENERAL
campo de control de longitud fija 110823s2004 000 spa d
040 ## - FUENTE DE LA CATALOGACIÓN
Centro catalogador/agencia de origen DO-SdBNP
245 #3 - MENCIÓN DE TÍTULO
Título El amor de una Dominicana salvó la vida a Bolívar.
260 ## - PUBLICACIÓN, DISTRIBUCIÓN, ETC.
Lugar de publicación, distribución, etc. Ciudad Trujillo, República Dominicana,
Fecha de publicación, distribución, etc. [195u].

No items available.

Powered by Koha